Krajinami cizích časů : vnímání prostoru a času usazenými a nomádskými kulturami

Saved in:
Bibliographic Details
Main Author Čermáková, Eva, 1980- (Author)
Format Book
LanguageCzech
Published Praha : Dokořán, 2012
Edition1. vyd.
SeriesBod (Dokořán)
Subjects
ISBN9788073633882
Physical Description167 s. : il., 1 mapa, plány ; 21 cm

Cover

LEADER 00000cam a2200000 a 4500
001 65947
003 CZ-ZlUTB
005 20240829151435.0
007 ta
008 120321s2012 xr abe e 000 0 cze
015 |a cnb002348655 
020 |a 9788073633882  |q (brož.) 
035 |a (OCoLC)794208363 
040 |a OLA001  |b cze  |d ABA001  |d ZLD002 
072 7 |a 572  |x Fyzická antropologie  |2 Konspekt  |9 1 
080 |a 572.026  |2 MRF 
080 |a 39  |2 MRF 
080 |a 101  |2 MRF 
080 |a 902:911.53  |2 MRF 
080 |a 316.324.3  |2 MRF 
080 |a 63-051  |2 MRF 
080 |a 115  |2 MRF 
080 |a 114  |2 MRF 
080 |a 911.53  |2 MRF 
080 |a (048.8)  |2 MRF 
100 1 |a Čermáková, Eva,  |d 1980-  |7 mzk2007411442  |4 aut 
245 1 0 |a Krajinami cizích časů :  |b vnímání prostoru a času usazenými a nomádskými kulturami /  |c Eva Čermáková 
246 3 0 |a Vnímání prostoru a času usazenými a nomádskými kulturami 
250 |a 1. vyd. 
260 |a Praha :  |b Dokořán,  |c 2012 
300 |a 167 s. :  |b il., 1 mapa, plány ;  |c 21 cm 
490 1 |a Bod 
504 |a Obsahuje bibliografii a bibliografické odkazy 
650 0 7 |a kulturní antropologie  |7 ph122018  |x filozofické aspekty  |2 czenas 
650 0 7 |a etnologie  |7 ph120020  |x filozofické aspekty  |2 czenas 
650 0 7 |a krajinná archeologie  |7 ph121923  |2 czenas 
650 0 7 |a kočovníci  |7 ph121920  |2 czenas 
650 0 7 |a zemědělci  |7 ph127613  |2 czenas 
650 0 7 |a čas  |7 ph116842  |2 czenas 
650 0 7 |a prostor (filozofie)  |7 ph124656  |2 czenas 
650 0 7 |a kulturní krajina  |7 ph122025  |2 czenas 
650 0 9 |a cultural anthropology  |x philosophical aspects  |2 eczenas 
650 0 9 |a ethnology  |x philosophical aspects  |2 eczenas 
650 0 9 |a landscape archaeology  |2 eczenas 
650 0 9 |a nomads  |2 eczenas 
650 0 9 |a agriculturists  |2 eczenas 
650 0 9 |a time  |2 eczenas 
650 0 9 |a space (philosophy)  |2 eczenas 
650 0 9 |a cultural landscape  |2 eczenas 
655 7 |a studie  |7 fd133597  |2 czenas 
655 9 |a studies  |2 eczenas 
830 0 |a Bod (Dokořán) 
910 |a ZLD002 
928 1 |a Dokořán 
952 |0 0  |1 0  |4 0  |6 39ČERMÁKOVÁE  |7 0  |8 BOOK  |9 119266  |a UTBZL  |b UTBZL  |c 005  |d 2012-10-15  |l 0  |o 39/ČERMÁKOVÁ,E.  |p 420010146585  |r 2019-08-26 00:00:00  |v 250.00  |w 2019-08-26  |x N:nákup; | 20100831  |y 01 
952 |0 0  |1 0  |4 0  |6 39ČERMÁKOVÁE  |7 0  |8 BOOK  |9 119267  |a UTBZL  |b UTBZL  |c 006  |d 2012-10-15  |l 13  |m 3  |o 39/ČERMÁKOVÁ,E.  |p 420010146584  |r 2023-06-01 00:00:00  |s 2023-04-04  |v 250.00  |w 2019-08-26  |x N:nákup; | 20100831  |y 04 
952 |0 0  |1 0  |4 0  |6 39ČERMÁKOVÁE  |7 0  |8 BOOK  |9 119268  |a UTBUH  |b UTBUH  |c 028  |d 2015-12-14  |i 48125  |l 0  |o 39/ČERMÁKOVÁ,E.  |p 420010163899  |r 2019-08-26 00:00:00  |v 250.00  |w 2019-08-26  |x N:nákup; | 20100930  |y 01 
992 |a BK  |b SK  |d 11 
901 |b 9788073633882  |f 1. vyd.  |o 20120405 
999 |c 65947  |d 65947